15 Największych miast Białorusi na mapie - Statystyki

Ogólne statystyki
  • Ten quiz został rozwiązany 52 razy
  • Średni wynik to 9 z 15
Odpowiedzi na mapie
Odpowiedzi zakodowano w zielono-czerwonej skali na mapie do tego quizu, zgodnie z poniższymi procentami.
 
Statystyki odpowiedzi
Miasto Populacja % Poprawnych
Mińsk 2 mln
100%
Grodno 360k
96%
Brześć 340k
92%
Homel 500k
88%
Mohylew 350k
76%
Witebsk 360k
76%
Baranowicze 170k
60%
Pińsk 120k
60%
Lida 100k
56%
Bobrujsk 210k
52%
Orsza 100k
48%
Borysów 140k
36%
Nowopołock 100k
32%
Mozyrz 110k
28%
Saligorsk 100k
16%
Nie znaleziono quizów pasujących do podanych kryteriów
Rozkład punktacji
Procent ludzi z każdym wynikiem
Percentyl według liczby udzielonych odpowiedzi
Twoja historia wyników
Nie rozwiązałeś tego quizu